| 000 | 00885cam a22002535a 4500 | ||
|---|---|---|---|
| 001 | 17495250 | ||
| 005 | 20151027145350.0 | ||
| 008 | 121015t2013 enka frb 000 0 eng d | ||
| 020 | _a9781781009017 (hbk.) | ||
| 020 | _a1781009015 (hbk.) | ||
| 040 |
_aUKMGB _beng _cUKMGB _dOCLCO _dBTCTA _dCDX _dYDXCP _dBWX _dCUV _dDLC _dEG-ScBUE |
||
| 082 | 0 | 4 |
_a333.7 _222 _bENV |
| 130 | 0 | _aEnvironmental politics (Edward Elgar Publishing) | |
| 245 | 1 | 0 |
_aEnvironmental politics / _cedited by Peter Dauvergne. |
| 260 |
_aCheltenham ; _aNorthampton : _bAn Elgar Research Collection, _cc.2013. |
||
| 300 |
_axxiv, 948 p. : _bill. ; _c25 cm. |
||
| 490 | 0 | _aElgar research collection | |
| 504 | _aIncludes bibliographical references. | ||
| 650 | 0 |
_aEnvironmental policy. _2BUEsh |
|
| 653 |
_bBUSBOL _cOctober2015 |
||
| 655 |
_vReading book _934232 |
||
| 700 | 1 |
_aDauvergne, Peter, _eeditor. |
|
| 942 | _2ddc | ||
| 999 |
_c20997 _d20969 |
||